Introduction to JAVA programming : comprehensive version (Record no. 10291)

000 -LEADER
fixed length control field 00488 a2200157 4500
020 ## - INTERNATIONAL STANDARD BOOK NUMBER
International Standard Book Number 0132130807
040 ## - CATALOGING SOURCE
Original cataloging agency DLC
Language of cataloging DLC
100 ## - MAIN ENTRY--PERSONAL NAME
Personal name Liang, Y. Daniel.
245 ## - TITLE STATEMENT
Title Introduction to JAVA programming : comprehensive version
Statement of responsibility, etc. Y. Daniel Liang
250 ## - EDITION STATEMENT
Edition statement 8th
260 ## - PUBLICATION, DISTRIBUTION, ETC.
Place of publication, distribution, etc. Upper Saddle River, NJ :
Name of publisher, distributor, etc. Pearson/Prentice Hall,
Date of publication, distribution, etc. 2011.
300 ## - PHYSICAL DESCRIPTION
Extent xiIv, 1342 p. :
Other physical details ill. ;
Dimensions 26 cm.
500 ## - GENERAL NOTE
General note Includes index.
650 ## - SUBJECT ADDED ENTRY--TOPICAL TERM
Topical term or geographic name entry element Java (Computer program language)
942 ## - ADDED ENTRY ELEMENTS (KOHA)
Koha item type Book
Call number prefix 005.133 LIA
Source of classification or shelving scheme
Holdings
Withdrawn status Lost status Damaged status Not for loan Collection code Permanent Location Current Location Shelving location Date acquired Source of acquisition Cost, normal purchase price Total Checkouts Total Renewals Full call number Barcode Date last seen Date last checked out Price effective from Koha item type Checked out
          Central Library (CL) Central Library (CL) First Floor - Software Engineering/ Programming Language 10/04/2010 Progressive International Agencies 8390.51 6 7 005.133 LIA SEECS010188 12/11/2025 02/07/2025 01/05/2017 Book  
          Central Library (CL) Central Library (CL) First Floor - Software Engineering/ Programming Language 10/04/2010 Progressive International Agencies 8390.51 4 1 005.133 LIA SEECS010189 05/28/2025 02/20/2025 01/05/2017 Book  
          Central Library (CL) Central Library (CL) First Floor - Software Engineering/ Programming Language 10/04/2010 Progressive International Agencies 8390.51 6 5 005.133 LIA SEECS010187 05/04/2026 05/04/2026 01/05/2017 Book 06/03/2026
          Central Library (CL) Central Library (CL) First Floor - Software Engineering/ Programming Language 11/21/2011 Global Link Information Services 9836.57 7 4 005.133 LIA SEECS010661 03/16/2026 02/23/2026 01/05/2017 Book  
          Central Library (CL) Central Library (CL) First Floor - Software Engineering/ Programming Language 11/21/2011 Global Link Information Services 9836.57 3 1 005.133 LIA SEECS010662 10/03/2018 10/03/2018 01/05/2017 Book 11/02/2018
          Central Library (CL) Central Library (CL) First Floor - Software Engineering/ Programming Language 11/21/2011 Global Link Information Services 9836.57 8 10 005.133 LIA SEECS010663 02/16/2026 02/16/2026 01/05/2017 Book 05/08/2026
© 2023 Central Library, National University of Sciences and Technology. All Rights Reserved.